00757nam a2200205Ia 450000500170000000800410001702000150005808200130007324500540008626000360014030000190017650001310019570000200032670000220034670000360036870000310040494200060043595200950044199900150053620240827054308.0240331s9999 xx 000 0 und d a8185107432 bINNa800 0aInner Spaces :bnew writings by women from Kerala aNew DelhibKali for womenc1994 axvii, 125 p ., aThis rich and varied selection of stories provides a taste of women's writing in kerala from the thirties to the present day.  aGeorge M.Keedt aJames, Jancyeedt aSankaranarayanan, Vasanthieedt aMahadevan, Raj Kaminieedt cL 001040708LaWERCLbWERCLcSSCd2024-03-31l0o 800 INNp3554r2024-03-31w2024-03-31yL c3106d3106